| 000 | 00638nam a22002057a 4500 | ||
|---|---|---|---|
| 003 | NUST | ||
| 005 | 20230117103249.0 | ||
| 008 | 190710b ||||| |||| 00| 0 eng d | ||
| 038 | _aMr. Zahoor | ||
| 082 | _a510 | ||
| 100 |
_aMadiha Fatima, Syeda _917254 |
||
| 245 |
_aSome Methods of Solution for Nonlinear Differential Equations / _cSyeda Madiha Fatima |
||
| 260 |
_aIslambad : _bCAMP - NUST, _c2013. |
||
| 300 |
_a57 p. : _b30cm. |
||
| 500 | _aHardcover | ||
| 650 |
_aMathematics - M. Phil Thesis _916594 |
||
| 700 |
_aProf. Faiz Ahmad _916656 |
||
| 856 | _uhttp://10.250.8.41:8080/xmlui/handle/123456789/4141 | ||
| 942 |
_2ddc _cTHE |
||
| 999 |
_c526281 _d526281 |
||